00733nam a22001937a 450000500170000001000150001702000260003203500140005803700090007208200060008110000310008724500990011826000340021727000800025130000200033194200200035199900190037195201490039020250109162703.0 aENG-143300 a9789389136906c495.00 aEN-126832 bDBAD aS aSiddiqi, Shams Afif976282 aContemporary Urdu Short Stories from Kolkata/cby Shams Afif Siddiqi [and] Fuzail Asar Siddiqi aNew DelhibNiyogi Booksc2023 aBlock D, Building No. 77, Okhla Industrial Area, Phase-IbNew Delhie110020 a289p.c19cm(pb) 2ddccENmCONhS c208318d208318 001040708FICaMPbMPd2025-01-09eDelivery of Books Act Divisiong495.00l0oCON SpEN-126832r2025-01-09 00:00:00t1v495.00w2025-01-09yEN